Top 80 - My Favorite Singers (Female) - Statistics

General Stats
  • This quiz has been taken 192 times
  • The average score is 34 of 78
Answer Stats
Year Single Singer % Correct
2010 Rolling in the Deep Adele
93%
2009 Bad Romance Lady Gaga
88%
2000 Oops!... I Did It Again Britney Spears
85%
1989 Like a Prayer Madonna
85%
2010 Teenage Dream Katy Perry
78%
2009 TiK ToK Kesha
78%
2006 Rehab Amy Winehouse
77%
2007 Irreplaceable Beyoncé
77%
2014 Chandelier Sia
77%
1992 I Will Always Love You Whitney Houston
77%
2009 Party in the U.S.A. Miley Cyrus
72%
1967 Respect Aretha Franklin
70%
1998 Genie In a Bottle Christina Aguilera
70%
1983 Girls Just Want to Have Fun Cyndi Lauper
70%
2013 Royals Lorde
70%
2007 Don't Stop the Music Rihanna
70%
2012 I Knew You Were Trouble Taylor Swift
70%
2005 Hollaback Girl Gwen Stefani
68%
2001 Whenever, Wherever Shakira
68%
1998 Believe Cher
64%
1983 Total Eclipse of the Heart Bonnie Tyler
61%
2004 Since U Been Gone Kelly Clarkson
61%
1984 What's Love Got to Do With It Tina Turner
61%
2002 Complicated Avril Lavigne
60%
2016 Dangerous Woman Ariana Grande
59%
2007 Big Girls Don't Cry Fergie
56%
2010 Price Tag Jessie J
53%
1993 Hero Mariah Carey
53%
2015 Love Me Like You Do Ellie Goulding
52%
1999 Man! I Feel Like a Woman! Shania Twain
52%
2001 Can't Get You Out of My Head Kylie Minogue
51%
2012 Summertime Sadness Lana del Rey
51%
2000 I'm Like a Bird Nelly Furtado
51%
1982 I Love Rock 'n' Roll Joan Jett
49%
2008 Bleeding Love Leona Lewis
49%
2011 Love You Like a Love Song Selena Gomez
49%
1995 Ironic Alanis Morissette
46%
2007 No One Alicia Keys
46%
2015 Cool for the Summer Demi Lovato
46%
2002 Don't Let Me Get Me P!nk
46%
1988 Fast Car Tracy Chapman
45%
1999 If You Had My Love Jennifer Lopez
44%
1996 Un-Break My Heart Toni Braxton
44%
2003 Bring Me to Life Amy Lee
40%
1968 Piece of My Heart Janis Joplin
39%
1998 Torn Natalie Imbruglia
37%
2001 Family Affair Mary J. Blige
35%
2001 Thank You Dido
34%
2011 A Thousand Years Christina Perri
32%
1980 Hit Me with Your Best Shot Pat Benatar
32%
1998 Doo-Wop (That Thing) Lauryn Hill
30%
2002 A Thousand Miles Vanessa Carlton
30%
1994 All I Wanna Do Sheryl Crow
29%
2002 All for You Janet Jackson
27%
2006 Smile Lily Allen
26%
2009 Dog Days Are Over Florence Welch
25%
2000 Breathe Faith Hill
24%
2002 Foolish Ashanti
20%
2007 Misery Business Hayley Williams
20%
1998 Celebrity Skin Courtney Love
17%
2007 Like a Boy Ciara
16%
1986 Coming Around Again Carly Simon
15%
1988 Lost in Your Eyes Debbie Gibson
15%
1989 Don't Wanna Lose You Gloria Estefan
15%
2006 Too Little Too Late JoJo
15%
2005 Suddenly I See KT Tunstall
15%
2016 Here Alessia Cara
13%
2007 Bubbly Colbie Caillat
13%
2016 Colors Halsey
13%
2007 Tattoo Jordin Sparks
13%
2012 How We Do (Party) Rita Ora
13%
2000 Never Be the Same Again Melanie C
11%
2001 What Took You So Long? Emma Bunton
9%
1993 La Solitudine Laura Pausini
8%
2007 Say OK Vanessa Hudgens
7%
2004 Super Duper Love Joss Stone
4%
2004 Nemo Tarja Turunen
2%
2003 I Want You Thalía
1%
No matching quizzes found
Score Distribution
Percent of People with Each Score
Percentile by Number Answered
Your Score History
You have not taken this quiz